000
00262nam a22000977a 4500
999
_c
8434
_d
8434
008
180116b ||||| |||| 00| 0 eng d
020
_a
9788182965355
100
_9
4834
_a
PANDEY V.K ET AL
245
_a
INFORMATION TECHNOLOGY-VII,VIII
260
_a
NEW DELHI
_b
ARYA
_c
2017